| 000 | 01715cam a22003731i 4500 | ||
|---|---|---|---|
| 003 | SA-RiAUC | ||
| 005 | 20241024121307.0 | ||
| 008 | 241022s2005 su o g b 00100cara c | ||
| 040 |
_aKSU _bara _cSA-RiAUC _erda |
||
| 043 | _aa-su--- | ||
| 050 | 4 | _b.Z34 2005 | |
| 082 | 0 | 4 |
_a922.113 _qSA-RiAUC |
| 090 |
_a922.113 _b ز هـ ر |
||
| 100 | 1 |
_aالزهراني، عبد الله سعيد، _d1379 هجري- _eمؤلف. |
|
| 245 | 1 | 0 |
_aأئمة المسجد الحرام ومؤذنوه في العهد السعودي مع ذكر لتاريخ الإمامة والآذان والمقامات في المسجد الحرام والإسلام / _cعبد الله سعيد الزهراني. |
| 250 | _aالطبعة الثالثةة، مزيدة ومنقحة. | ||
| 264 | 1 |
_aمكة المكرمة : _bعبد الله سعيد الزهراني، _c2005 |
|
| 300 |
_a157 صفحة : _bصور ؛ _c24 سم |
||
| 336 |
_aنص _btxt _2rdacontent _3كتاب |
||
| 337 |
_aبدون وسيط _bn _2rdamedia |
||
| 338 |
_aمجلد _bnc _2rdacarrier |
||
| 500 | _aيشتمل على كشافات. | ||
| 504 | _aيشتمل على ببليوجرافية. | ||
| 562 | _aنسخة مصورة. | ||
| 610 | 2 | 7 |
_aالمسجد الحرام _xتاريخ _2aucnm |
| 650 | 7 |
_aالدعاة السعوديون _vتراجم _2aucsh |
|
| 650 | 7 |
_aالمساجد _zمكة المكرمة _2aucsh |
|
| 650 | 7 |
_aالمؤذنون _xتاريخ _2aucsh |
|
| 650 | 7 |
_aالإمامة _zمكة المكرمة _xتاريخ _2aucsh |
|
| 856 |
_uhttp://saaid.net/book/open.php?cat=7&book=9825 _yExternal Link |
||
| 856 |
_uhttp://saaid.net/book/16/8414.rar _yDigital Copy |
||
| 942 |
_2ddc _cBOOK _n0 |
||
| 949 |
_aSA-JeALM _d241022 _umohamedma123 _n1 |
||
| 999 |
_c1668 _d1668 |
||